| 000 | 01304nam a2200253Ia 4500 | ||
|---|---|---|---|
| 001 | 18018 | ||
| 003 | GE_BSU | ||
| 008 | 181216s||||||||xx |||||||||||||| ||und|| | ||
| 040 | _cGE_BSU | ||
| 080 | _a81'1 | ||
| 245 | _aთანამედროვე ზოგადი ენათმეცნიერების საკითხები. კრ. 6 | ||
| 245 | _bსტატიების კრებული. ეძღვნება ფილოლოგიის მეცნ. დოქტორის პროფესორ ბ. ფოჩხუას ხსოვნას. | ||
| 245 | _cრედ.თ.შარაძენიძე | ||
| 250 | _aსაქ. სსრ მეცნ. აკად. ენთმეცნიერების ინსტიტუტი | ||
| 260 | _aთბილისი | ||
| 260 | _bმეცნიერება | ||
| 260 | _c1981 | ||
| 300 | _a153 გვ.26სმ. | ||
| 520 | _aსტატიების ბოლოს რეზ. რუს | ||
| 653 | _aზოგადი ენათმეცნიერება | ||
| 653 | _aთანამედროვე ზოგადი ენათმეცნიერების საკითხები | ||
| 653 | _aკავკასიური ენები | ||
| 942 | _cBK | ||
| 999 |
_c51061 _d51061 |
||